000
00301nam a22001337a 4500
008
170628b xxu||||| |||| 00| 0 eng d
020
_a
9780814109762
041
_a
eng
080
_2
2ND
_a
82
100
_a
21
101
_a
GJL
245
_a
CROSS-TALK IN COMP THEORY
_c
VILLANEUVA,V
942
_2
udc
_c
BK
999
_c
19330
_d
19330